Ir para o conteúdo

Проблемы отечественной истории (первое тысячелетие – XVII век) учебное пособие в схемах, таблицах, диаграммах для студентов бакалавриата всех направлений, в помощь для усвоения программы учебной дисциплины «история россии»

В настоящем учебном пособии раскрывается проблемы отечественной истории (первое тысячелетие – XVII век). Форма подачи материала – схемы, таблицы, диаграммы. Предназначение учебного пособия – оказать помощь для усвоения программы учебной дисциплины «История России». Адресуется студентам бакалавриата...

ver descrição completa

Na minha lista:
Detalhes bibliográficos
Autor principal: Ипполитов Г. М.
Outros Autores: Филатов Т. В., Зайцева Н. В.
Formato: Книга
Idioma:Russian
Publicado em: Самара ПГУТИ 2024
Acesso em linha:https://e.lanbook.com/book/463526
https://e.lanbook.com/img/cover/book/463526.jpg
Tags: Adicionar Tag
Sem tags, seja o primeiro a adicionar uma tag!
LEADER 01995nam0a2200289 i 4500
001 463526
003 RuSpLAN
005 20250320124306.0
008 250320s2024 ru gs 000 0 rus
040 |a RuSpLAN 
041 0 |a rus 
044 |a ru 
080 |a 94(47) 
084 |a 63.3 (2)  |2 rubbk 
245 0 0 |a Проблемы отечественной истории (первое тысячелетие – XVII век)  |b учебное пособие в схемах, таблицах, диаграммах для студентов бакалавриата всех направлений, в помощь для усвоения программы учебной дисциплины «история россии»  |c Ипполитов Г. М.,Филатов Т. В.,Зайцева Н. В. 
260 |a Самара  |b ПГУТИ  |c 2024 
300 |a 90 с. 
504 |a Библиогр.: доступна в карточке книги, на сайте ЭБС Лань 
520 8 |a В настоящем учебном пособии раскрывается проблемы отечественной истории (первое тысячелетие – XVII век). Форма подачи материала – схемы, таблицы, диаграммы. Предназначение учебного пособия – оказать помощь для усвоения программы учебной дисциплины «История России». Адресуется студентам бакалавриата всех направлений. 
521 8 |a Книга из коллекции ПГУТИ - Социально-гуманитарные науки 
521 8 |a СЭБ 
100 1 |a Ипполитов Г. М. 
700 1 |a Филатов Т. В. 
700 1 |a Зайцева Н. В. 
856 4 |u https://e.lanbook.com/book/463526 
856 4 8 |u https://e.lanbook.com/img/cover/book/463526.jpg 
953 |a https://e.lanbook.com/img/cover/book/463526.jpg